Landscape Development Proposal For A Special Township (Record no. 362843)

MARC details
000 -LEADER
fixed length control field 00358nam a2200121Ia 4500
008 - FIXED-LENGTH DATA ELEMENTS--GENERAL INFORMATION
fixed length control field 250110s9999 xx 000 0 und d
041 ## - LANGUAGE CODE
Language code of text/sound track or separate title eng
100 ## - MAIN ENTRY--PERSONAL NAME
Personal name Kolhatkar K.
9 (RLIN) 182013
245 ## - TITLE STATEMENT
Title Landscape Development Proposal For A Special Township
260 ## - PUBLICATION, DISTRIBUTION, ETC. (IMPRINT)
Name of publisher, distributor, etc. M Arch Landscape, Pune
Date of publication, distribution, etc. 2008
300 ## - PHYSICAL DESCRIPTION
Extent 56p
700 ## - ADDED ENTRY--PERSONAL NAME
Personal name Guide Name:Sahastrabuddhe Swati
9 (RLIN) 209654
Holdings
Withdrawn status Lost status Damaged status Not for loan Home library Current library Date acquired Total Checkouts Barcode Date last seen Bill Date Koha item type Original Barcode
        Dr. Bhanuben Nanavati College of Architecture Dr. Bhanuben Nanavati College of Architecture 23/06/2008   BNCA-PR-343 10/01/2025 10/01/2025 Project Reports PR0343